000 01069cam a22002054a 4500
005 20250605163958.0
008 250528s ||||||||||||||||||||||||d
035 _a15553
020 _a805377328
040 _aGR-AtMCL
_bgre
_dGR-AtMCL
_eAACR2
245 1 _aBusiness Data Communications / Fifth Edition
250 _a5th
260 _bAddison-Wesley Publishing Company,
_c1999
300 _a620
520 _aPreface, Introduction to Data Communication, Physical Aspects of Data Communication: Media, Physical Aspects of Data Communication:Data Transmission, Common Carrier Services, Introduction to Networks, LAN Hardware, LAN Topologies and Media Acess Control, LAN System Software, LAN Considerations, WAN Hardware, WAN Topologies and Transmission Services, WAN System Software, Accessing and Using the Internet, Internet Technology, WAN Implementations, Network Interconnections, Network Management Objectives, Network Management Systems, Distributed Systems, Index.
700 1 _aStamper David A
_91506
942 _cBK
999 _c1124
_d1124